01358cam a2200277K 450000100060000000300080000600500170001400800410003103500180007203500210009004000290011104100080014008200280014810000320017624500890020826000490029730000310034649000810037750001740045850000560063250000300068850600540071865000400077277601750081285600930098745210BD-RjUL20211209053959.0160724r19611945miu o 000 0 eng d aBD-RjUL 45328 a(OCoLC)584139696 aOCLCEbengcOCLCEdOCLCQ aeng 223a336.292 bHII 1945 1 aHicks, John Richard,d1904-14aThe incidence of local rates in Great Britain / cby J.R. Hicks and Ursula K. Hicks. aCambridge [Eng.] :bUniversity Press,c1945. a64 p. : bill. ; c25 cm. 0 aNational institute of economic and social research. Occasional papers.vVIII a"A sequel to, and completion of ... two of the undertakings of the National institute ... Standards of local expenditure and The problem of valuation for rating."--Pref. aPhotocopy (positive) made by University Microfilms. aPrinted on double leaves. 3Use copyfRestrictions unspecified2star5MiAaHDL aReal property tax zGreat Britain. 08iPrint version:aHicks, John Richard, 1904-tIncidence of local rates in Great Britain.dCambridge [Eng.] University Press, 1945. [Ann Arbor, Mich., 1961]w(OCoLC)23312531403HathiTrust Digital Libraryuhttp://catalog.hathitrust.org/api/volumes/oclc/23312531.html